Państwa świata kończące się na literę i (dla Geomexa) - Statystyki

Ogólne statystyki
  • Ten quiz został rozwiązany 26 razy
  • Średni wynik to 4 z 7
Statystyki odpowiedzi
Kontynent Państwo % Poprawnych
Azja Brunei
65%
Australia Fidżi
55%
Ameryka Północna Haiti
55%
Afryka Mali
55%
Afryka Burundi
45%
Afryka Dżibuti
40%
Afryka Malawi
40%
Nie znaleziono quizów pasujących do podanych kryteriów
Rozkład punktacji
Procent ludzi z każdym wynikiem
Percentyl według liczby udzielonych odpowiedzi
Twoja historia wyników
Nie rozwiązałeś tego quizu